000 00620nam a2200229Ia 4500
003 OSt
005 20220926021857.0
006 a|||||r|||| 00| 0
007 ta
008 220923b |||||||| |||| 00| 0 eng d
037 _cGeneral Book
040 _aRTL
_cRTL
_beng
041 _2eng
_aeng
082 _aVIN45,936:8.N77, L7UN
110 _aUNITED NATIONS
245 0 _aUnited Nations Documents Index
260 _aNew York
_bUnited Nations
_c1977
300 _aix, 48p
_ccm.
700 _aUNITED NATIONS
942 _hVIN45,936:8.N77, L7UN
_cGB
_2CC
999 _c637914
_d637914